000
00301nam a2200157Ia 4500
100
_a
Sampson/Geoffrey
250
_a
2
942
_c
BK
366
_f
20
245
_a
Electronic Business
260
_b
BCS
_c
2009
082
_a
658.4
_b
SAM
300
_a
257
546
_a
ENGLISH
_c
TTL
999
_c
23418
_d
23418